000 00640nam a22002172 4500
001 0000012657
005 20151217152111.0
008 090304s xx 000 0 eng d
020 _a1594520761 :
040 _aKABU
_cKABU
100 1 _aMaswanganyi, Elijah.
_@0000169541
245 1 0 _aArise boldly with power /
_cElijah Maswanganyi and Bruce Britten.
250 _a4th ed.
260 _a[Nairobi?] :
_bQasis,
_c2006.
300 _a96 p. ;
_c cm.
650 0 _aEvangelism.
_@0000149641
700 1 _aBritten, Bruce.
_@0000158524
852 1 _9p190 KES
908 _a090304
950 _@1
999 _c8266
_d8266